1111 1102 1977 1545 1230 1827 1130 1547 1870 1874 1705 1238 1273 1711 1219 1650 1322 1292 1794 1182 1733 1075 1612 1580 1949 1905 1340 1844 1705 1392 1108 1254 1795 1730 1384 1612 1921 1980 1310 1015 1011 1913 1061 1966 1311 1691 1399 1851 1492 1781 1493 1994 1080 1947 1532 1649 1881 1897 1318 1710 1219 1049 1345 1812 1481 1715 1986 1387 1681 1456 1296 1757 1667 1119 1515 1615 1229 1354 1564 1412 1759 1019 1835 1811 1741 1729 1373 1213 1138 1024 1161 1389 1303 1966 1909 1914 1504 1412 1338 BCNSPRNW ULIB Ver.6.0+V

เปลี่ยนเป็นภาษาไทย

Change to English
 แสดงรายละเอียดบรรณานุกรม
  กลับหน้าหลัก

Brief Record : Get Marc (ISO 2709) : E-mail record : QR code < ปิดหน้าต่าง
LEADER : 00000nam 2200000uu 4500
001    13399110964
003     ULIB
008    110614s||||||||th 000 0 tha d
020    9789743239267
050  4 AC158^bว296ศ 2550
100 0  วรากรณ์ สามโกเศศ
245 10 ศาสตร์แห่งความหดหู่และสิ้นหวัง :^bโลกนี้ไม่มีอะไรฟรี ภาค 6/^cวรากรณ์ สามโกเศศ
250    พิมพ์ครั้งที่ 1
260    กรุงเทพฯ :^bมติชน,^c2550
300    228 หน้า ;^c22 ซม.
650  7 เศรษฐศาสตร์
651  7 ไทย^xภาวะเศรษฐกิจ
945    ^p160^l0^i023151
995    ทศพร
999 ^a ใช้งานได้ทุกระบบ
รายการนี้ยังไม่มีแท็ก
คุณยังไม่ได้ล็อกอิน คุณสามารถมีกิจกรรมร่วมกับเว็บไซต์ได้ แต่ต้องล็อกอินก่อน ::
  ล็อกอิน

รายการสื่อสารสนเทศ

ลำดับที่ ประเภท เลขเรียก/บาร์โค้ด สถานที่ สถานะ
- ไม่พบข้อมูล -

รายการใกล้เคียง
    ผู้แต่ง [วรากรณ์ สามโกเศศ]

    หัวเรื่อง [เศรษฐศาสตร์]

BibComment


ยังไม่เคยถูกคอมเมนท์

คอมเมนท์ทรัพยากรรายการนี้
  คอมเมนท์: ศาสตร์แห่งความหดห..


 Copyright 2026. Bcnsprnw @Library